000 00723nam a2200229 a 4500
001 BRL_635
005 20190320210829.0
008 130913s1933----gw-#######---#000-0#ger-#
041 _ager
044 _agw
050 4 _aQK5
_b.S3 1933
100 1 _aSchuhmacher, Hermann
_924484
245 1 0 _aBilder Atlas der frühlingsblumen
_b173 farbige Abbildungen nach der Natur auf 40 Tafeln ; Zum raschen Bestimmen nach Farben und Standorten
_cH. Schuhmacher.
260 _aRavensburg
_bOtto Maier
_c[1933]
300 _a30 p.
_c19 cm.
500 _aAu666
500 _aLa biblioteca no cuenta con todo el material complementario.
650 1 4 _aBotánica
_915603
650 1 4 _aPlantas
_916368
902 _aGRL
942 _2lcc
_cB
999 _c9447
_d9447